[Event "DSJ Weihnachtsturnier U20 2020"]
[Site "https://play.chessbase.com/en/play?room=DSJWeihnachtU20"]
[Date "2020.12.29"]
[Round "5"]
[White "Sommer, Justus"]
[Black "Eull, Emil"]
[Result "1-0"]
[Termination "normal"]
[Board "8.3"]
[WhiteElo "1744"]
[BlackElo "1662"]
[WhiteTeam "Lübecker SV von 1873 2"]
[BlackTeam "SF Neuberg"]
[PlyCount "107"]
[WhiteFideId "16245008"]
[BlackFideId "16253809"]
[EventRounds "7"]
[EventType "team-swiss"]
[EventDate "2020.12.29"]

1. e3 {[%emt 0:00:02]} g6 {[%emt 0:00:04]} 2. e4 {[%emt 0:00:11]} Bg7 {[%emt
0:00:03]} 3. d4 {[%emt 0:00:02]} d6 {[%emt 0:00:02]} 4. Nf3 {[%emt 0:00:02]}
Nd7 {[%emt 0:00:07]} 5. Nc3 {[%emt 0:00:04]} a6 {[%emt 0:00:08]} 6. a4 {[%emt
0:00:02]} c5 {[%emt 0:00:06]} 7. Be3 {[%emt 0:00:12]} cxd4 {[%emt 0:00:55]} 8.
Nxd4 {[%emt 0:00:03]} Ngf6 {[%emt 0:00:20]} 9. Bc4 {[%emt 0:00:12]} O-O {[%emt
0:00:11]} 10. O-O {[%emt 0:00:03]} Ne5 {[%emt 0:00:13]} 11. Bb3 {[%emt
0:00:11]} Bd7 {[%emt 0:00:29]} 12. h3 {[%emt 0:00:08]} Nc6 {[%emt 0:00:09]} 13.
f4 {[%emt 0:00:20]} Nh5 {[%emt 0:01:34]} 14. Rf3 {[%emt 0:00:16]} e5 {[%emt
0:00:47]} 15. Nde2 {[%emt 0:00:12]} Nxf4 {[%emt 0:00:44]} 16. Nxf4 {[%emt
0:00:16]} exf4 { [%emt 0:00:00]} 17. Bxf4 {[%emt 0:00:09]} Ne5 {[%emt 0:00:14]}
18. Rf1 { [%emt 0:00:16]} Qb6+ {[%emt 0:00:08]} 19. Kh1 {[%emt 0:00:10]} Be6
{[%emt 0:00:30]} 20. Nd5 {[%emt 0:00:20]} Bxd5 {[%emt 0:00:10]} 21. Qxd5 {[%emt
0:00:06]} Qc6 {[%emt 0:02:28]} 22. Rad1 {[%emt 0:00:41]} Rad8 {[%emt 0:00:26]}
23. c3 { [%emt 0:00:20]} Rd7 {[%emt 0:00:23]} 24. Rd2 {[%emt 0:00:23]} Qxd5
{[%emt 0:00:13]} 25. Rxd5 {[%emt 0:00:03]} Rfd8 {[%emt 0:00:03]} 26. Rfd1
{[%emt 0:00:10]} Kf8 {[%emt 0:00:08]} 27. a5 {[%emt 0:00:09]} Ke7 {[%emt
0:00:02]} 28. Ba4 { [%emt 0:00:02]} Nc6 {[%emt 0:00:09]} 29. Kg1 {[%emt
0:00:56]} h6 {[%emt 0:00:01]} 30. Kf2 {[%emt 0:00:04]} g5 {[%emt 0:00:01]} 31.
Bg3 {[%emt 0:00:04]} Bh8 {[%emt 0:00:09]} 32. Ke3 {[%emt 0:00:20]} Bg7 {[%emt
0:00:01]} 33. h4 {[%emt 0:00:07]} gxh4 {[%emt 0:00:01]} 34. Bxh4+ {[%emt
0:00:01]} f6 {[%emt 0:00:01]} 35. Bg3 {[%emt 0:00:04]} Bf8 {[%emt 0:00:02]} 36.
Kf4 {[%emt 0:00:18]} Ke6 { [%emt 0:00:01]} 37. Ke3 {[%emt 0:00:10]} Rg7 {[%emt
0:00:02]} 38. Kf2 {[%emt 0:00:08]} Ne5 {[%emt 0:00:04]} 39. Bb3 {[%emt
0:00:13]} Ke7 {[%emt 0:00:02]} 40. Bxe5 {[%emt 0:00:26]} fxe5 {[%emt 0:00:00]}
41. c4 {[%emt 0:00:05]} Rf7+ { [%emt 0:00:01]} 42. Ke3 {[%emt 0:00:06]} Rg7
{[%emt 0:00:01]} 43. R1d2 { [%emt 0:00:03]} Rg6 {[%emt 0:00:01]} 44. c5 {[%emt
0:00:05]} h5 {[%emt 0:00:04] } 45. cxd6+ {[%emt 0:00:18]} Rgxd6 {[%emt
0:00:00]} 46. Rxe5+ {[%emt 0:00:02]} Kf6 {[%emt 0:00:00]} 47. Rxd6+ {[%emt
0:00:03]} Bxd6 {[%emt 0:00:13]} 48. Rf5+ {[%emt 0:00:07]} Ke7 {[%emt 0:00:02]}
49. Rf7+ {[%emt 0:00:04]} Ke8 {[%emt 0:00:00]} 50. Rxb7 {[%emt 0:00:03]} Bc5+
{[%emt 0:00:00]} 51. Kf4 {[%emt 0:00:03] } Bd6+ {[%emt 0:00:02]} 52. e5 {[%emt
0:00:02]} Bc5 {[%emt 0:00:01]} 53. Kf5 { [%emt 0:00:04] Neuberg003 offers a
draw} Rd7 {[%emt 0:00:02]} 54. Ba4 {[%emt 0:00:03]} 1-0

[Event "DSJ Weihnachtsturnier U20 2020"]
[Site "https://play.chessbase.com/en/play?room=DSJWeihnachtU20"]
[Date "2020.12.29"]
[Round "5"]
[White "Kolzenburg, Jan Niklas"]
[Black "Kloerss, Knut"]
[Result "1-0"]
[Termination "normal"]
[Board "8.4"]
[WhiteElo "1671"]
[BlackElo "1726"]
[WhiteTeam "SF Neuberg"]
[BlackTeam "Lübecker SV von 1873 2"]
[PlyCount "97"]
[WhiteFideId "16274830"]
[BlackFideId "16222130"]
[EventRounds "7"]
[EventType "team-swiss"]
[EventDate "2020.12.29"]

1. e4 {[%emt 0:00:03]} e5 {[%emt 0:00:01]} 2. Nf3 {[%emt 0:00:01]} Nc6 { [%emt
0:00:01]} 3. d4 {[%emt 0:00:01]} exd4 {[%emt 0:00:01]} 4. Nxd4 {[%emt 0:00:00]}
Bc5 {[%emt 0:00:01]} 5. Nxc6 {[%emt 0:00:02]} bxc6 {[%emt 0:00:00]} 6. Nc3
{[%emt 0:00:05]} Qf6 {[%emt 0:00:45]} 7. Qd2 {[%emt 0:00:08]} Nh6 {[%emt
0:00:09]} 8. Bd3 {[%emt 0:01:15]} Ng4 {[%emt 0:01:12]} 9. O-O {[%emt 0:00:08]}
d6 {[%emt 0:01:06]} 10. Qf4 {[%emt 0:00:33]} O-O {[%emt 0:00:29]} 11. Qxf6 {
[%emt 0:00:46]} Nxf6 {[%emt 0:00:01]} 12. Na4 {[%emt 0:00:12]} Bb6 {[%emt
0:00:34]} 13. Nxb6 {[%emt 0:00:02]} cxb6 {[%emt 0:00:00]} 14. Bg5 {[%emt
0:00:46]} Nd7 {[%emt 0:00:21]} 15. Be7 {[%emt 0:00:05]} Re8 {[%emt 0:00:09]}
16. Bxd6 { [%emt 0:00:04]} Nc5 {[%emt 0:00:01]} 17. Bxc5 {[%emt 0:00:18]} bxc5
{[%emt 0:00:00]} 18. Rad1 {[%emt 0:00:17]} Bg4 {[%emt 0:00:11]} 19. f3 {[%emt
0:00:04]} Be6 {[%emt 0:00:00]} 20. b3 {[%emt 0:00:20]} a5 {[%emt 0:00:11]} 21.
a4 { [%emt 0:00:15]} Rab8 {[%emt 0:00:01]} 22. f4 {[%emt 0:00:28]} c4 {[%emt
0:00:09]} 23. f5 {[%emt 0:00:58]} cxd3 {[%emt 0:00:03]} 24. fxe6 {[%emt
0:00:01]} Rxe6 {[%emt 0:00:03]} 25. Rxd3 {[%emt 0:00:04]} Rxe4 {[%emt 0:00:02]}
26. Rc3 { [%emt 0:00:08]} Re6 {[%emt 0:00:06]} 27. Rc5 {[%emt 0:00:08]} Ra8
{[%emt 0:00:11]} 28. Rff5 {[%emt 0:00:12]} Re2 {[%emt 0:00:08]} 29. Rxc6 {[%emt
0:00:19]} g6 {[%emt 0:00:04]} 30. Rb5 {[%emt 0:00:19]} Rd8 {[%emt 0:00:03]} 31.
Kf1 { [%emt 0:00:47]} Rdd2 {[%emt 0:00:05]} 32. Rxa5 {[%emt 0:01:03]} Rxg2
{[%emt 0:00:24]} 33. Re5 {[%emt 0:00:27]} Rxh2 {[%emt 0:00:08]} 34. Ke1 {[%emt
0:00:22]} h5 {[%emt 0:00:23]} 35. a5 {[%emt 0:00:09]} Rxc2 {[%emt 0:00:06]} 36.
Rxc2 { [%emt 0:00:11]} Rxc2 {[%emt 0:00:00]} 37. b4 {[%emt 0:00:08]} h4 {[%emt
0:00:05]} 38. b5 {[%emt 0:00:03]} h3 {[%emt 0:00:02]} 39. Re3 {[%emt 0:00:04]}
Rc5 { [%emt 0:00:07]} 40. Rxh3 {[%emt 0:00:02]} Rxb5 {[%emt 0:00:02]} 41. Ra3 {
[%emt 0:00:00]} Rxa5 {[%emt 0:00:00]} 42. Rxa5 {[%emt 0:00:01]} Kg7 {[%emt
0:00:01]} 43. Ra3 {[%emt 0:00:00]} g5 {[%emt 0:00:01]} 44. Kf2 {[%emt 0:00:00]}
f5 {[%emt 0:00:01]} 45. Kf3 {[%emt 0:00:01]} Kg6 {[%emt 0:00:01]} 46. Ra6+ {
[%emt 0:00:02]} Kh5 {[%emt 0:00:02]} 47. Kg3 {[%emt 0:00:01]} f4+ {[%emt
0:00:15]} 48. Kf3 {[%emt 0:00:03]} Kh4 {[%emt 0:00:03]} 49. Rh6# {[%emt
0:00:02] Mate} 1-0

[Event "DSJ Weihnachtsturnier U20 2020"]
[Site "https://play.chessbase.com/en/play?room=DSJWeihnachtU20"]
[Date "2020.12.29"]
[Round "5"]
[White "Ortmeier, Leonhard"]
[Black "Nguyen, Alex Dac-Vuong"]
[Result "0-1"]
[Termination "normal"]
[Board "9.1"]
[WhiteTitle "FM"]
[BlackTitle "FM"]
[WhiteElo "2290"]
[BlackElo "2307"]
[WhiteTeam "Schachklub Münster 32"]
[BlackTeam "Schachgemeinschaft Leipzig"]
[PlyCount "108"]
[WhiteFideId "12993662"]
[BlackFideId "12984388"]
[EventRounds "7"]
[EventType "team-swiss"]
[EventDate "2020.12.29"]

1. Nf3 {[%emt 0:00:11]} c5 {[%emt 0:00:20]} 2. g3 {[%emt 0:00:04]} Nc6 { [%emt
0:00:02]} 3. c4 {[%emt 0:00:13]} Nf6 {[%emt 0:00:02]} 4. Nc3 {[%emt 0:00:03]}
d5 {[%emt 0:00:01]} 5. cxd5 {[%emt 0:00:02]} Nxd5 {[%emt 0:00:00]} 6. Bg2
{[%emt 0:00:01]} Nc7 {[%emt 0:00:01]} 7. O-O {[%emt 0:00:02]} e5 {[%emt
0:00:01]} 8. d3 {[%emt 0:00:02]} Be7 {[%emt 0:00:02]} 9. Be3 {[%emt 0:00:06]}
Bd7 { [%emt 0:00:12]} 10. Rc1 {[%emt 0:00:09]} O-O {[%emt 0:00:15]} 11. a3
{[%emt 0:00:24]} Rb8 {[%emt 0:00:12]} 12. Nd2 {[%emt 0:01:16]} Nd4 {[%emt
0:00:14]} 13. Nc4 {[%emt 0:00:59]} f6 {[%emt 0:00:07]} 14. a4 {[%emt 0:00:27]}
b6 {[%emt 0:00:21]} 15. f4 {[%emt 0:00:50] Muenst1-001 reconnected.} exf4
{[%emt 0:01:56]} 16. Bxf4 {[%emt 0:00:06]} Nde6 {[%emt 0:00:05]} 17. Bd2 {[%emt
0:00:34]} Be8 { [%emt 0:00:07]} 18. Be4 {[%emt 0:01:15]} Bd6 {[%emt 0:01:10]}
19. Qe1 {[%emt 0:00:07]} Bf7 {[%emt 0:00:12]} 20. Qf2 {[%emt 0:00:37]} Qd7
{[%emt 0:00:24]} 21. Qg2 {[%emt 0:00:04]} Rbd8 {[%emt 0:00:04]} 22. Bc6 {[%emt
0:00:05]} Qe7 { [%emt 0:00:01]} 23. Ne3 {[%emt 0:00:06]} Nd4 {[%emt 0:00:10]}
24. Nf5 {[%emt 0:00:34]} Nxf5 {[%emt 0:00:11]} 25. Rxf5 {[%emt 0:00:00]} Be5
{[%emt 0:00:06]} 26. Rcf1 {[%emt 0:00:11]} Be6 {[%emt 0:00:13]} 27. R5f3 {[%emt
0:00:27]} Bd4+ { [%emt 0:00:12]} 28. Kh1 {[%emt 0:00:06]} Qd6 {[%emt 0:00:09]}
29. Be4 {[%emt 0:00:04]} Qd7 {[%emt 0:00:16]} 30. Bf5 {[%emt 0:00:16]} Rfe8
{[%emt 0:00:13]} 31. e4 {[%emt 0:00:41]} Bxf5 {[%emt 0:00:25]} 32. Rxf5 {[%emt
0:00:00]} Be5 { [%emt 0:00:13]} 33. R5f3 {[%emt 0:00:07]} Re7 {[%emt 0:00:34]}
34. Bf4 { [%emt 0:00:12]} Qe6 {[%emt 0:00:10]} 35. Qf2 {[%emt 0:00:11]} Red7
{[%emt 0:00:04]} 36. Qe2 {[%emt 0:00:14]} Qe8 {[%emt 0:00:12]} 37. h3 {[%emt
0:00:06]} Qh5 {[%emt 0:00:03]} 38. Kg2 {[%emt 0:00:03]} Ne6 {[%emt 0:00:09]}
39. g4 {[%emt 0:00:09]} Qe8 {[%emt 0:00:41]} 40. Bxe5 {[%emt 0:00:05]} fxe5
{[%emt 0:00:00]} 41. Nd5 {[%emt 0:00:10]} Nd4 {[%emt 0:00:03]} 42. Qf2 {[%emt
0:00:01]} Nxf3 { [%emt 0:00:02]} 43. Qxf3 {[%emt 0:00:00]} Rf7 {[%emt 0:00:02]}
44. Qe2 { [%emt 0:00:02]} Rxf1 {[%emt 0:00:01]} 45. Qxf1 {[%emt 0:00:00]} Qf7
{[%emt 0:00:03]} 46. Qe2 {[%emt 0:00:01]} h6 {[%emt 0:00:14]} 47. b3 {[%emt
0:00:01]} Rxd5 {[%emt 0:00:11]} 48. exd5 {[%emt 0:00:00]} Qxd5+ {[%emt
0:00:01]} 49. Kg3 {[%emt 0:00:04]} Qxb3 {[%emt 0:00:02]} 50. Qxe5 {[%emt
0:00:01]} Qxd3+ { [%emt 0:00:01]} 51. Kh4 {[%emt 0:00:05]} Kh7 {[%emt 0:00:06]}
52. Qe7 {[%emt 0:00:03]} a6 {[%emt 0:00:06]} 53. Qe5 {[%emt 0:00:03]} g5+
{[%emt 0:00:05]} 54. Kh5 {[%emt 0:00:03]} Qg6# {[%emt 0:00:01]} 0-1

[Event "DSJ Weihnachtsturnier U20 2020"]
[Site "https://play.chessbase.com/en/play?room=DSJWeihnachtU20"]
[Date "2020.12.29"]
[Round "5"]
[White "Faßhauer, Jacob"]
[Black "Kamp, Adrian"]
[Result "1/2-1/2"]
[Termination "normal"]
[Board "9.2"]
[WhiteElo "2127"]
[BlackElo "1982"]
[WhiteTeam "Schachgemeinschaft Leipzig"]
[BlackTeam "Schachklub Münster 32"]
[PlyCount "69"]
[WhiteFideId "12990167"]
[BlackFideId "16222466"]
[EventRounds "7"]
[EventType "team-swiss"]
[EventDate "2020.12.29"]

1. e4 {[%emt 0:00:08]} c5 {[%emt 0:00:04]} 2. c3 {[%emt 0:00:02]} d5 {[%emt
0:00:02]} 3. exd5 {[%emt 0:00:04]} Qxd5 {[%emt 0:00:02]} 4. d4 {[%emt 0:00:00]}
Nf6 {[%emt 0:00:02]} 5. Nf3 {[%emt 0:00:05]} Bg4 {[%emt 0:00:04]} 6. Nbd2 {
[%emt 0:00:09]} e6 {[%emt 0:00:20]} 7. Bc4 {[%emt 0:00:03]} Qd8 {[%emt 0:00:03]
} 8. Qa4+ {[%emt 0:00:21]} Nc6 {[%emt 0:00:08]} 9. Ne5 {[%emt 0:00:03]} Qc7 {
[%emt 0:00:14]} 10. Ndf3 {[%emt 0:01:21]} Bxf3 {[%emt 0:00:09]} 11. Nxf3 {
[%emt 0:00:04]} Be7 {[%emt 0:00:17]} 12. Bg5 {[%emt 0:00:26]} cxd4 {[%emt
0:00:33]} 13. cxd4 {[%emt 0:01:14]} O-O {[%emt 0:00:25]} 14. O-O {[%emt
0:00:05]} a6 {[%emt 0:00:15]} 15. Bd3 {[%emt 0:00:45]} b5 {[%emt 0:00:29]} 16.
Qc2 {[%emt 0:00:07]} Qb6 {[%emt 0:00:06]} 17. Bxf6 {[%emt 0:00:33]} Bxf6 {[%emt
0:00:07]} 18. Bxh7+ {[%emt 0:00:02]} Kh8 {[%emt 0:00:02]} 19. Be4 {[%emt
0:00:01]} Rac8 { [%emt 0:00:25]} 20. Bxc6 {[%emt 0:00:29]} Rxc6 {[%emt
0:00:00]} 21. Qd2 { [%emt 0:00:13]} Rd8 {[%emt 0:00:21]} 22. Rfd1 {[%emt
0:00:18]} Rcd6 {[%emt 0:00:12]} 23. Kf1 {[%emt 0:02:33] SGLeipz1-002 offers a
draw} Bxd4 {[%emt 0:01:27]} 24. Nxd4 {[%emt 0:00:05]} Rxd4 {[%emt 0:00:08]} 25.
Qe2 {[%emt 0:00:04]} Qd6 {[%emt 0:00:15]} 26. Rxd4 {[%emt 0:00:25]} Qxd4 {[%emt
0:00:02]} 27. Rc1 { [%emt 0:00:15]} Qf4 {[%emt 0:00:34]} 28. Rc3 {[%emt
0:00:16]} Kg8 {[%emt 0:00:11]} 29. g3 {[%emt 0:00:02]} Qf5 {[%emt 0:00:17]} 30.
Qc2 {[%emt 0:00:13]} Qd5 {[%emt 0:00:32]} 31. Rc8 {[%emt 0:00:16]} Qh1+ {[%emt
0:00:38]} 32. Ke2 { [%emt 0:00:01]} Qd5 {[%emt 0:00:19]} 33. Kf1 {[%emt
0:00:02]} Qh1+ {[%emt 0:00:15]} 34. Ke2 {[%emt 0:00:01]} Qd5 {[%emt 0:00:01]}
35. Kf1 {[%emt 0:00:01]} 1/2-1/2

[Event "DSJ Weihnachtsturnier U20 2020"]
[Site "https://play.chessbase.com/en/play?room=DSJWeihnachtU20"]
[Date "2020.12.29"]
[Round "5"]
[White "Schröder, Lennart"]
[Black "Haufe, Laurin"]
[Result "0-1"]
[Termination "normal"]
[Board "9.3"]
[WhiteElo "1906"]
[BlackElo "2052"]
[WhiteTeam "Schachklub Münster 32"]
[BlackTeam "Schachgemeinschaft Leipzig"]
[PlyCount "92"]
[WhiteFideId "16222490"]
[BlackFideId "12976504"]
[EventRounds "7"]
[EventType "team-swiss"]
[EventDate "2020.12.29"]

1. b3 {[%emt 0:00:04]} e5 {[%emt 0:00:04]} 2. Bb2 {[%emt 0:00:01]} f6 {[%emt
0:00:01]} 3. d4 {[%emt 0:00:07]} exd4 {[%emt 0:00:03]} 4. Bxd4 {[%emt 0:00:03]}
d5 {[%emt 0:00:01]} 5. Nf3 {[%emt 0:00:03]} c5 {[%emt 0:00:01]} 6. Bb2 { [%emt
0:00:01]} Nc6 {[%emt 0:00:01]} 7. e3 {[%emt 0:00:02]} Be6 {[%emt 0:00:05] } 8.
Be2 {[%emt 0:00:03]} Bd6 {[%emt 0:00:01]} 9. Nbd2 {[%emt 0:00:02]} Nge7 { [%emt
0:00:02]} 10. O-O {[%emt 0:00:04]} O-O {[%emt 0:00:01]} 11. c4 {[%emt 0:00:03]}
Qc7 {[%emt 0:00:17]} 12. Rc1 {[%emt 0:00:06]} Kh8 {[%emt 0:00:05]} 13. h3
{[%emt 0:00:07]} b6 {[%emt 0:00:02]} 14. cxd5 {[%emt 0:00:06]} Nxd5 { [%emt
0:00:17]} 15. Ne4 {[%emt 0:00:23]} Be5 {[%emt 0:00:08]} 16. Nxe5 { [%emt
0:00:06]} Nxe5 {[%emt 0:00:00]} 17. Nc3 {[%emt 0:00:27]} Rfd8 {[%emt 0:00:05]}
18. Nxd5 {[%emt 0:00:03]} Bxd5 {[%emt 0:00:03]} 19. Qc2 {[%emt 0:00:02] } Qc6
{[%emt 0:00:07]} 20. f3 {[%emt 0:00:07]} Qe6 {[%emt 0:00:08]} 21. e4 { [%emt
0:00:08]} Bb7 {[%emt 0:00:10]} 22. Rfd1 {[%emt 0:00:06]} a6 {[%emt 0:00:16]}
23. Rxd8+ {[%emt 0:00:10]} Rxd8 {[%emt 0:00:00]} 24. Rd1 {[%emt 0:00:00]} Rd6
{[%emt 0:00:14]} 25. Rxd6 {[%emt 0:00:05]} Qxd6 {[%emt 0:00:00]} 26. Qd1 {
[%emt 0:00:01]} Qxd1+ {[%emt 0:00:03]} 27. Bxd1 {[%emt 0:00:00]} Nd3 {[%emt
0:00:09]} 28. Bc3 {[%emt 0:00:06]} Kg8 {[%emt 0:00:13]} 29. Bc2 {[%emt
0:00:05]} Nc1 {[%emt 0:00:07]} 30. Kf2 {[%emt 0:00:20]} Nxa2 {[%emt 0:00:02]}
31. Bb2 { [%emt 0:00:01]} Nb4 {[%emt 0:00:05]} 32. Bb1 {[%emt 0:00:01]} Kf7
{[%emt 0:00:02]} 33. e5 {[%emt 0:00:01]} Bd5 {[%emt 0:00:10]} 34. exf6 {[%emt
0:00:03]} gxf6 {[%emt 0:00:00]} 35. Bxh7 {[%emt 0:00:05]} Bxb3 {[%emt 0:00:02]}
36. h4 { [%emt 0:00:02]} a5 {[%emt 0:00:11]} 37. h5 {[%emt 0:00:04]} Kg7 {[%emt
0:00:05] } 38. Bb1 {[%emt 0:00:04]} Bc2 {[%emt 0:00:04]} 39. Bxc2 {[%emt
0:00:06]} Nxc2 {[%emt 0:00:00]} 40. g4 {[%emt 0:00:00]} a4 {[%emt 0:00:01]} 41.
g5 {[%emt 0:00:01]} Nd4 {[%emt 0:00:12]} 42. h6+ {[%emt 0:00:10]} Kg6 {[%emt
0:00:03]} 43. f4 {[%emt 0:00:02]} b5 {[%emt 0:00:10]} 44. Bxd4 {[%emt 0:00:25]}
cxd4 { [%emt 0:00:02]} 45. f5+ {[%emt 0:00:01]} Kh7 {[%emt 0:00:05]} 46. gxf6 {
[%emt 0:00:01]} Kxh6 {[%emt 0:00:02]} 0-1

[Event "DSJ Weihnachtsturnier U20 2020"]
[Site "https://play.chessbase.com/en/play?room=DSJWeihnachtU20"]
[Date "2020.12.29"]
[Round "5"]
[White "Knüpfer, Tim"]
[Black "Toval, David"]
[Result "0-1"]
[Termination "normal"]
[Board "9.4"]
[WhiteElo "1885"]
[BlackElo "1857"]
[WhiteTeam "Schachgemeinschaft Leipzig"]
[BlackTeam "Schachklub Münster 32"]
[PlyCount "78"]
[WhiteFideId "16217489"]
[BlackFideId "12992755"]
[EventRounds "7"]
[EventType "team-swiss"]
[EventDate "2020.12.29"]

1. e4 {[%emt 0:00:04]} c5 {[%emt 0:00:02]} 2. Nf3 {[%emt 0:00:02]} d6 {[%emt
0:00:01]} 3. d4 {[%emt 0:00:01]} cxd4 {[%emt 0:00:00]} 4. Nxd4 {[%emt 0:00:01]}
Nf6 {[%emt 0:00:01]} 5. Nc3 {[%emt 0:00:02]} a6 {[%emt 0:00:01]} 6. Bg5 { [%emt
0:00:01]} e6 {[%emt 0:00:01]} 7. f4 {[%emt 0:00:01]} Be7 {[%emt 0:00:01]} 8.
Qe2 {[%emt 0:00:02]} O-O {[%emt 0:00:03]} 9. O-O-O {[%emt 0:00:04]} b5 { [%emt
0:00:02]} 10. a3 {[%emt 0:00:02]} Bb7 {[%emt 0:00:02]} 11. g4 {[%emt 0:00:13]}
Nbd7 {[%emt 0:00:15]} 12. Bg2 {[%emt 0:00:13]} Rc8 {[%emt 0:00:55]} 13. h4
{[%emt 0:00:07]} Nc5 {[%emt 0:00:39]} 14. Bxf6 {[%emt 0:00:19]} Bxf6 { [%emt
0:00:25]} 15. g5 {[%emt 0:00:02]} Bxd4 {[%emt 0:01:06]} 16. Rxd4 { [%emt
0:00:05]} Qa5 {[%emt 0:00:14]} 17. e5 {[%emt 0:04:54]} Bxg2 {[%emt 0:01:18]}
18. Qxg2 {[%emt 0:00:03]} dxe5 {[%emt 0:00:31]} 19. fxe5 {[%emt 0:00:02]} Nb3+
{[%emt 0:00:21]} 20. cxb3 {[%emt 0:00:44]} Rxc3+ {[%emt 0:00:04]} 21. Kb1
{[%emt 0:00:56]} Rxb3 {[%emt 0:00:39]} 22. h5 {[%emt 0:00:02]} Qxa3 {[%emt
0:00:55]} 23. g6 {[%emt 0:01:32]} fxg6 {[%emt 0:01:38]} 24. hxg6 {[%emt
0:00:04]} h6 {[%emt 0:00:03]} 25. Rd7 {[%emt 0:00:34]} Qb4 {[%emt 0:00:56]} 26.
Rhd1 { [%emt 0:00:19]} Re3 {[%emt 0:00:15]} 27. Rd8 {[%emt 0:00:13]} Qe4+
{[%emt 0:00:02]} 28. Qxe4 {[%emt 0:00:06]} Rxe4 {[%emt 0:00:00]} 29. Rxf8+
{[%emt 0:00:01]} Kxf8 {[%emt 0:00:00]} 30. Rd7 {[%emt 0:00:01]} Rxe5 {[%emt
0:00:02]} 31. Kc2 { [%emt 0:00:02]} Rg5 {[%emt 0:00:03]} 32. Rf7+ {[%emt
0:00:01]} Kg8 {[%emt 0:00:05]} 33. Ra7 {[%emt 0:00:02]} Rxg6 {[%emt 0:00:01]}
34. Rxa6 {[%emt 0:00:01]} h5 {[%emt 0:00:01]} 35. Rb6 {[%emt 0:00:02]} h4
{[%emt 0:00:05]} 36. Rxb5 { [%emt 0:00:01]} h3 {[%emt 0:00:02]} 37. Re5 {[%emt
0:00:04]} h2 {[%emt 0:00:03] } 38. Rh5 {[%emt 0:00:04]} Rh6 {[%emt 0:00:01]}
39. Rxh6 {[%emt 0:00:03]} gxh6 {[%emt 0:00:00]} 0-1

[Event "DSJ Weihnachtsturnier U20 2020"]
[Site "https://play.chessbase.com/en/play?room=DSJWeihnachtU20"]
[Date "2020.12.29"]
[Round "5"]
[White "Sinnhöfer, Jonas"]
[Black "Keyser, Robin"]
[Result "0-1"]
[Termination "normal"]
[Board "10.1"]
[WhiteElo "1919"]
[BlackElo "2070"]
[WhiteTeam "Delmenhorster SK V 1931"]
[BlackTeam "SK Johanneum Eppendorf"]
[PlyCount "134"]
[WhiteFideId "12982938"]
[BlackFideId "12986429"]
[EventRounds "7"]
[EventType "team-swiss"]
[EventDate "2020.12.29"]

1. e4 {[%emt 0:00:04]} e6 {[%emt 0:00:10]} 2. d4 {[%emt 0:00:02]} d5 {[%emt
0:00:03]} 3. Nd2 {[%emt 0:00:01]} Nf6 {[%emt 0:00:02]} 4. e5 {[%emt 0:00:01]}
Nfd7 {[%emt 0:00:01]} 5. Bd3 {[%emt 0:00:02]} c5 {[%emt 0:00:01]} 6. c3 { [%emt
0:00:02]} b5 {[%emt 0:00:01]} 7. Bxb5 {[%emt 0:00:05]} Qb6 {[%emt 0:00:02]} 8.
Qb3 {[%emt 0:00:32]} cxd4 {[%emt 0:00:13]} 9. Bxd7+ {[%emt 0:00:02]} Nxd7
{[%emt 0:00:05]} 10. Qxb6 {[%emt 0:00:02]} axb6 {[%emt 0:00:08]} 11. cxd4
{[%emt 0:00:02]} f6 {[%emt 0:00:05]} 12. exf6 {[%emt 0:00:03]} Nxf6 {[%emt
0:00:00]} 13. Ne2 {[%emt 0:00:03]} Ba6 {[%emt 0:00:01]} 14. Nf4 {[%emt
0:00:08]} Kd7 {[%emt 0:00:34]} 15. f3 {[%emt 0:00:14]} Bd6 {[%emt 0:00:04]} 16.
Nb3 { [%emt 0:00:04]} g5 {[%emt 0:00:23]} 17. Ne2 {[%emt 0:00:09]} Rhg8 {[%emt
0:00:13]} 18. h3 {[%emt 0:00:08]} Nh5 {[%emt 0:00:11]} 19. Nc3 {[%emt 0:00:25]}
Bg3+ {[%emt 0:00:13]} 20. Kd1 {[%emt 0:00:04]} Nf4 {[%emt 0:00:13]} 21. Bxf4 {
[%emt 0:00:03]} gxf4 {[%emt 0:00:00]} 22. Ne2 {[%emt 0:00:07]} Rac8 {[%emt
0:00:58]} 23. Rc1 {[%emt 0:00:09]} Rxc1+ {[%emt 0:00:43]} 24. Nbxc1 {[%emt
0:00:00]} Bf2 {[%emt 0:00:01]} 25. Rh2 {[%emt 0:00:36]} Be3 {[%emt 0:00:09]}
26. Nb3 {[%emt 0:00:11]} Bc4 {[%emt 0:00:23]} 27. h4 {[%emt 0:00:11]} Ra8
{[%emt 0:00:05]} 28. Nc3 {[%emt 0:00:15]} Rxa2 {[%emt 0:00:30]} 29. Nc5+ {[%emt
0:00:33]} bxc5 {[%emt 0:00:02]} 30. Nxa2 {[%emt 0:00:01]} Bxa2 {[%emt 0:00:02]}
31. dxc5 {[%emt 0:00:01]} Bxc5 {[%emt 0:00:05]} 32. Kc2 {[%emt 0:00:17]} Bc4
{[%emt 0:00:06]} 33. h5 {[%emt 0:00:08]} d4 {[%emt 0:00:16]} 34. Rh4 {[%emt
0:00:03]} e5 {[%emt 0:00:36]} 35. Rg4 {[%emt 0:00:05]} Bb4 {[%emt 0:00:04]} 36.
Rg7+ { [%emt 0:00:08]} Ke6 {[%emt 0:00:02]} 37. b3 {[%emt 0:00:39]} d3+ {[%emt
0:00:10]} 38. Kc1 {[%emt 0:00:09]} d2+ {[%emt 0:00:02]} 39. Kc2 {[%emt
0:00:01]} Bxb3+ {[%emt 0:00:01]} 40. Kxb3 {[%emt 0:00:00]} d1=Q+ {[%emt
0:00:01]} 41. Kxb4 {[%emt 0:00:00]} Qd6+ {[%emt 0:00:07]} 42. Kb5 {[%emt
0:00:10]} Qd3+ { [%emt 0:00:11]} 43. Kc6 {[%emt 0:00:08]} Kf6 {[%emt 0:00:04]}
44. Rd7 {[%emt 0:00:17]} Qc2+ {[%emt 0:00:05]} 45. Kd6 {[%emt 0:00:02]} Qxg2
{[%emt 0:00:03]} 46. Rxh7 {[%emt 0:00:04]} Qd2+ {[%emt 0:00:07]} 47. Kc6 {[%emt
0:00:02]} Qc3+ { [%emt 0:00:02]} 48. Kb7 {[%emt 0:00:09]} Qxf3+ {[%emt
0:00:02]} 49. Kc8 { [%emt 0:00:05]} Qc6+ {[%emt 0:00:11]} 50. Kb8 {[%emt
0:00:07]} Qb5+ {[%emt 0:00:06]} 51. Kc8 {[%emt 0:00:03]} Qe8+ {[%emt 0:00:16]}
52. Kc7 {[%emt 0:00:03]} Qf7+ {[%emt 0:00:03]} 53. Rxf7+ {[%emt 0:00:03]} Kxf7
{[%emt 0:00:00]} 54. Kd6 {[%emt 0:00:02]} f3 {[%emt 0:00:05]} 55. Kxe5 {[%emt
0:00:02]} f2 {[%emt 0:00:01]} 56. Kf5 {[%emt 0:00:01]} f1=Q+ {[%emt 0:00:02]}
57. Kg5 {[%emt 0:00:00]} Qf6+ {[%emt 0:00:02]} 58. Kg4 {[%emt 0:00:02]} Kg7
{[%emt 0:00:01]} 59. Kg3 { [%emt 0:00:03]} Kh6 {[%emt 0:00:01]} 60. Kg4 {[%emt
0:00:00]} Qe5 {[%emt 0:00:03]} 61. Kh3 {[%emt 0:00:00]} Qg5 {[%emt 0:00:02]}
62. Kh2 {[%emt 0:00:02]} Kxh5 {[%emt 0:00:00]} 63. Kh3 {[%emt 0:00:00]} Kg6
{[%emt 0:00:01]} 64. Kh2 { [%emt 0:00:00]} Kf5 {[%emt 0:00:01]} 65. Kh1 {[%emt
0:00:00]} Kf4 {[%emt 0:00:01]} 66. Kh2 {[%emt 0:00:00]} Kf3 {[%emt 0:00:01]}
67. Kh1 {[%emt 0:00:00]} Qg2# {[%emt 0:00:01]} 0-1